000 00382nam a2200169Ia 4500
001 30215
003 IN-NITTTR
005 20251114233409.0
008 251113s9999||||xx |||||||||||||| ||eng||
040 _beng
040 _cIN-NITTTR
041 _aeng
082 _a621.3822 S31D
100 _aSridhar, S.
245 0 _aDigital image processing /
_cSridhar, S.
942 _2ddc
_cBK
999 _c32843
_d32843